| 000 | 00575nam a22002057a 4500 | ||
|---|---|---|---|
| 005 | 20210426083922.0 | ||
| 008 | 210210s1990 ||||| |||| 00| 0 eng d | ||
| 020 | _a0892963727 | ||
| 040 |
_aeng _cDLC |
||
| 041 | _aeng | ||
| 080 |
_a821.111 _bF-88 |
||
| 100 |
_9822 _aFreeling, Nicolas |
||
| 245 |
_aSand Castles _c/ by: The Mysterious Press |
||
| 260 |
_aNew York _bThe Mysterious Press _c1990 |
||
| 300 | _a209 p. | ||
| 365 | _b17.95 usd | ||
| 650 | 0 |
_9247 _aEnglish literature |
|
| 653 | _aინგლისური ლიტერატურა | ||
| 942 |
_2udc _cBK |
||
| 999 |
_c1319 _d1319 |
||